|
|
|
|
| LEADER |
01238ncm a22003132a 4500 |
| 001 |
001103641 |
| 003 |
CZ BrMZK |
| 005 |
20110503153323.0 |
| 007 |
qu |
| 008 |
040901s1973 xr |||||r|||||||| cze d |
| 040 |
|
|
|a BOA001
|b cze
|c BOA001
|
| 072 |
|
7 |
|a 784
|x Vokální hudba
|2 Konspekt
|9 9
|
| 100 |
1 |
|
|a Ondráček, Bohuslav,
|d 1932-1998
|7 jn99240000813
|4 cmp
|
| 245 |
1 |
0 |
|a První smích - první pláč
|h [hudebnina] /
|c Bohuslav Ondráček ; slova Zd. Rytíř. Půjdu za tebou / A. Manzanero ; slova Zd. Borovec, S. Wayne ; upr. Zdeněk Krotil
|
| 250 |
|
|
|a 1. vyd.
|
| 260 |
|
|
|a Praha :
|b Supraphon,
|c 1973
|
| 300 |
|
|
|a 5 hlasů
|
| 490 |
1 |
|
|a Malý taneční soubor. Combo series ;
|v 162
|
| 700 |
1 |
|
|a Rytíř, Zdeněk,
|d 1944-2013
|7 jk01103428
|4 lyr
|
| 700 |
1 |
|
|a Manzanero, Armando,
|d 1935-
|7 xx0099952
|4 cmp
|
| 700 |
1 |
|
|a Borovec, Zdeněk,
|d 1932-2001
|7 jk01012677
|4 lyr
|
| 700 |
1 |
|
|a Wayne, Sid,
|d 1923-1991
|7 mzk2011633724
|4 lyr
|
| 700 |
1 |
|
|a Krotil, Zdeněk,
|d 1926-1984
|7 jk01063455
|4 arr
|
| 740 |
0 |
2 |
|a Půjdu za tebou
|
| 830 |
|
0 |
|a Malý taneční soubor.
|p Combo series
|
| 910 |
|
|
|a BOA001
|b Mus3-0706.183
|
| 990 |
|
|
|a MU
|
| 991 |
|
|
|b 201006
|
| 996 |
6 |
|
|b 2619456159
|c Mus3-0706.183
|l MZK
|r Sklad / do 1 hodiny
|n 0
|w 001130412
|u 000010
|a 1
|e BOA001
|j MZK50
|s P
|